000 00695nam a22001815i 4500
001 152099
003 ES-MaACL
005 20230906204531.0
008 051011s1867 sw | |||||||| ||swe d
040 _aCAM
_bspa
_cCAM
130 0 _aBiblia.
_lSueco.
_9119315
245 1 0 _aBibelen eller den Heliga Skrift
_b: innehållande Gamla och Nya Testamentets canoniska Böcker.
260 _aStockholm :
_bTruckt på Brittiska och atländska Bibel-Sällskapets bekostnad ¿?,
_c1867 (
_fTruckt hos Samuel Rumstedt ¿?)
300 _a[4], 949, [1] en bl., 320 p. ;
_c23 cm.
597 _aLetra gótica.
597 _aTexto a dos col.
852 _aES-MaACL
_jG-11058
_z-- Enc. piel marrón con hierros
999 _c152099
_d152099